000 00577nam a2200169 a 4500
001 000045529
005 20201002052311.0
008 150414s1993 dr 000 0 spa d
040 _aDO-SdBNP
_bspa
_cBNPHU
082 _axxxx
_bxxxx
100 1 _aMunguía, Jorge A.
_973587
245 1 3 _aLa economía como ciencia :
_bposibilidades y limitaciones /
_cJorge A Munguía.
260 _aSanto Domingo :
_bAmigo del Hogar,
_c1993.
300 _a144 p. ;
_c22 cm.
500 _aIncluye referencias bibliográficas y notas al pie de las páginas.
504 _aBibliografía : p. 133-144
999 _c45018
_d45018